000 00750 a2200229 4500
005 20260327114612.0
008 260327b |||||||| |||| 00| 0 eng d
020 _a9789360623289 (hbk)
037 _cTB
040 _aCRL
_cCRL
041 _2URD
_aURD
084 _aΔ73v273 168R5
_bCRL
100 _aHifzurrehman
_91115742
245 _aBihar mein sufi tehreek aur mashaikh-e-qadariya wa shattariya
260 _aNew Delhi, India:
_bEducational publishing house,
_c2025.
300 _a472p.
365 _b700.00
_cINR
650 _aMysticism
650 _aSufism-Bihar
_91231957
942 _cTB
_2CC
_hΔ73v273 168R5
999 _c1679633
_d1679633